| 000 | 00348nam a2200133Ia 4500 | ||
|---|---|---|---|
| 005 | 20260328104251.0 | ||
| 008 | 260328s9999||||xx |||||||||||||| ||und|| | ||
| 100 | _aMejía Vallejo, Clara | ||
| 245 | 0 |
_aCruz y Ortiz : _b Arquitectura 2000-2013 / _cClara Mejía Vallejo |
|
| 260 | _bDedalo | ||
| 300 | _a350 p. | ||
| 650 | _aARQUITECTOS | ||
| 942 | _cBK | ||
| 999 |
_c10260 _d10260 |
||